01414nam a2200265 a 4500001001000000005001700010008004100027041000800068044000800076084002600084100004500110245009500155260005400250300001700304500012700321500009900448500028100547500006800828500001500896650005200911650005600963650003401019650004501053740005001098BRCA_236320190320203756.0061108c1905----xxu#---###---#000-0#spa-u aspa axxu a004b.H57c1905 F16051 aCervantes Saavedra, Miguel ded1547-161610aEl Ingenioso Hidalgo Don Quixote de la Manchaccompuesto por Miguel de Cervantes Saavedra. aNueva YorkbThe Hispanic Society of Americac1905 a2 v.c24 cm. aContenido : v 1. Primera parte. Dedicatoria del autor al Duque de Béjar. Prólogo del autor. Versos preliminares. Texto aFacsímil de : El ingenioso hidalgo Don Quixote de la Mancha. Madrid: Juan de la Cuesta, 1605 aFacsímil de la primera parte de la edición príncipe. Elaborado por The Hispanic Society of America, cuyo sello está grabado en la cubierta, en Nueva York, el año de 1905. Lindo ejemplar, encuadernado en pergamino; este ejemplar lleva el número 107 Lúdovik Osterc aExistencias : Se complementa con el LO-026. Ejemplar 107 de 200 aQMR116 (?)14aNovela españolayÉpoca clásica, 1500-170014aLiteratura españolayÉpoca clásica, 1500-170014aNovela españolaySiglo XVII14aDon Quijote (Personaje ficticio)eNovela0 aEl Ingenioso Hidalgo Don Quijote de la Mancha